Faith Based Child Protection Initiatives: a cultural perspective study of three Ndola based christian churches. (Record no. 241)

MARC details
000 -LEADER
fixed length control field 00772nam a2200181 a 4500
008 - FIXED-LENGTH DATA ELEMENTS--GENERAL INFORMATION
fixed length control field 160901s2014 ||||||||||||||||| || u
050 ## - LIBRARY OF CONGRESS CALL NUMBER
Classification number CBU-PG THESIS/HAM
100 ## - MAIN ENTRY--PERSONAL NAME
Personal name Hamapande, Remmy
245 10 - TITLE STATEMENT
Title Faith Based Child Protection Initiatives: a cultural perspective study of three Ndola based christian churches.
Statement of responsibility, etc. by Remmy Hamapande
260 ## - PUBLICATION, DISTRIBUTION, ETC.
Place of publication, distribution, etc. Kitwe
Name of publisher, distributor, etc. Copperbelt University
Date of publication, distribution, etc. 2014
300 ## - PHYSICAL DESCRIPTION
Extent xi, 70p.: ill.
500 ## - GENERAL NOTE
General note Bibliography
650 ## - SUBJECT ADDED ENTRY--TOPICAL TERM
Topical term or geographic name entry element CHRISTIAN VALUES--CHILD PROTECTION
650 ## - SUBJECT ADDED ENTRY--TOPICAL TERM
Topical term or geographic name entry element CHILDREN'S RIGHTS
650 ## - SUBJECT ADDED ENTRY--TOPICAL TERM
Topical term or geographic name entry element CHILDREN--STUDY AND TEACHING
650 ## - SUBJECT ADDED ENTRY--TOPICAL TERM
Topical term or geographic name entry element CHILD ABUSE--PREVENTION AND CONTROL
995 ## -
-- SPECIAL COLLECTIONS
-- 746637
-- CBU-DAG HAMMARSKJOLD INSTITUTE LIBRARY
-- CBU-PG THESIS/HAM
-- 1
-- AVAILABLE
-- Sep 1, 2016
-- B2293
-- University Collection
999 ## -
-- 241
-- 241
Holdings
Withdrawn status Lost status Source of classification or shelving scheme Damaged status Not for loan Permanent Location Current Location Shelving location Date acquired Total Checkouts Full call number Barcode Date last seen Price effective from Koha item type
          CBU-DAG HAMMARSKJOLD INSTITUTE CBU-DAG HAMMARSKJOLD INSTITUTE   11/28/2022   CBU-PG THESIS/HAM B2293 11/28/2022 11/28/2022 MONOGRAPH